5-Letter Movies Slideshow Quiz Stats

 Plays Quiz Updated Feb 8, 2015

Challenge
Share
Tweet
Score 0/24 Timer 08:00
6 Plays Today
% Correct
Shrek
97.1%
Rocky
96.1%
Mulan
91.7%
Speed
86.6%
Ghost
85.5%
Rambo
85.5%
Alien
84%
Fargo
82.4%
Taken
80.5%
Twins
79.4%
Hitch
76.4%
Seven
72.2%
% Correct
Evita
67.1%
Frida
62.9%
Holes
60.7%
Signs
57.6%
Gigli
51.8%
Crash
49.2%
Radio
44.9%
Dogma
43.3%
Doubt
40.2%
Shane
31.5%
Babel
25.8%
Shine
13.6%

You're not logged in!

Compare scores with friends on all Sporcle quizzes.
OR
Log In

You Might Also Like...

Show Comments

Extras

Top Quizzes Today


Score Distribution

Your Account Isn't Verified!

In order to create a playlist on Sporcle, you need to verify the email address you used during registration. Go to your Sporcle Settings to finish the process.

Report this User

Report this user for behavior that violates our Community Guidelines.

Details: